000
00271nam a2200097Ia 4500
008
240331s9999 xx 000 0 und d
082
_b
ACH
100
_a
Social Development
245
0
_a
Achievements of the United Nations decade for women in Asia and the Pacific
942
_c
L
999
_c
1866
_d
1866